000
00291nam a22001337a 4500
008
180924b xxu||||| |||| 00| 0 eng d
020
_a
9780195052169
041
_a
eng
080
_a
101
100
_a
24
101
_a
FIL
245
_a
What Does it all Mean?
_c
Nagel, Th
942
_2
udc
_c
BK
999
_c
48364
_d
48364